| 000 -LEADER |
| fixed length control field |
01346nam a22001457a 4500 |
| 008 - FIXED-LENGTH DATA ELEMENTS--GENERAL INFORMATION |
| fixed length control field |
210719b ||||| |||| 00| 0 eng d |
| 100 ## - MAIN ENTRY--PERSONAL NAME |
| Personal name |
Fabozzi, F.J., Shiller, R.J. and Tunaru, R.S. |
| 245 ## - TITLE STATEMENT |
| Title |
A 30-year perspective on property derivatives: What can be done to tame property price risk? |
| 260 ## - PUBLICATION, DISTRIBUTION, ETC. (IMPRINT) |
| Place of publication, distribution, etc |
The Journal of Economic Perspectives |
| 300 ## - PHYSICAL DESCRIPTION |
| Extent |
34(4), Fall, 2020: p.121-145 |
| 520 ## - SUMMARY, ETC. |
| Summary, etc |
The housing sector is the largest spot market in the world without a developed derivative contract to serve the risk management needs of market participants. This paper describes the evolution within a wider economic context of property derivatives in the United States and worldwide. We review various economic arguments presented in the literature to highlight the advantages of these financial instruments to society. The paper also provides a critical perspective on the principal obstacles hindering the development of property derivatives based on real estate prices—especially housing prices—and what can be done to overcome these difficulties. The issues discussed can serve as a guide for designing property derivatives capable of hedging real estate risk that has resurfaced time and time again in financial crises. – Reproduced |
| 773 ## - HOST ITEM ENTRY |
| Main entry heading |
The Journal of Economic Perspectives |
| 906 ## - LOCAL DATA ELEMENT F, LDF (RLIN) |
| Subject DIP |
HOUSING |
| 942 ## - ADDED ENTRY ELEMENTS (KOHA) |
| Item type |
Articles |